Najludniejsze państwa graniczące z Oceanem Indyjskim - Statystyki

Ogólne statystyki
  • Ten quiz został rozwiązany 11 razy
  • Średni wynik to 10 z 10
Statystyki odpowiedzi
Populacja Państwo % Poprawnych
163 269 000 Bangladesz
100%
1 322 280 000 Indie
100%
261 890 900 Indonezja
100%
80 488 800 Iran
100%
53 370 609 Mjanma
100%
209 167 000 Pakistan
100%
69 037 513 Tajlandia
100%
57 310 000 Tanzania
100%
56 521 900 Republika Południowej Afryki
90%
95 877 600 Egipt
70%
Nie znaleziono quizów pasujących do podanych kryteriów
Rozkład punktacji
Procent ludzi z każdym wynikiem
Percentyl według liczby udzielonych odpowiedzi
Twoja historia wyników
Nie rozwiązałeś tego quizu